| 000 -CABECERA |
| Campo de control de longitud fija |
00824nam a22001937a 4500 |
| 008 - CAMPO FIJO DE DESCRIPCIÓN FIJA--INFORMACIÓN GENERAL |
| Campo de control de longitud fija |
230606b ||||| |||| 00| 0 eng d |
| 020 ## - ISBN (INTERNATIONAL STANDARD BOOK NUMBER) |
| ISBN |
9788409508303 |
| 040 ## - FUENTE DE CATALOGACIÓN |
| Agencia de catalogación original |
CDMR |
| 100 1# - ENCABEZAMIENTO PRINCIPAL--NOMBRE PERSONAL |
| 9 (RLIN) |
233 |
| Nombre de persona |
Manresa, Kim |
| 245 ## - MENCIÓN DE TÍTULO |
| Título |
Pare |
| Parte restante del título |
: 50 anys |
| Mención de responsabilidad, etc. |
/ Joan Manuel Serrat, Kim Manresa |
| 260 ## - PUBLICACIÓN, DISTRIBUCIÓN, ETC (PIE DE IMPRENTA) |
| Lugar de publicación, distribución, etc. |
Barcelona |
| Nombre del editor, distribuidor, etc. |
: The Folio Club |
| Fecha de publicación, distribución, etc. |
, [2023] |
| 300 ## - DESCRIPCIÓN FÍSICA |
| Extensión |
183 pàgines |
| Otros detalles físicos |
: principalment fotos en blanc i negre |
| 505 ## - NOTA DE CONTENIDO FORMATEADA |
| Nota de contenido con formato preestablecido |
Libre relacionat amb l'exposició "50 anys de fotoperiodisme de Kim Manresa". Inclou la lletra de la cançó "Pare" en diversos idiomes, i també la seva transcripció en Braille. |
| 600 10 - ASIENTO SECUNDARIO DE MATERIA--NOMBRE PERSONAL |
| 9 (RLIN) |
233 |
| Nombre de persona |
Manresa, Kim |
| Subdivisión general |
Exposicions |
| 650 #0 - ASIENTO SECUNDARIO DE MATERIA--TÉRMINO DE MATERIA |
| 9 (RLIN) |
3679 |
| Nombre de materia o nombre geográfico como elemento de entrada |
Fotoperiodisme |
| Subdivisión geográfica |
Catalunya |
| Subdivisión general |
Exposicions |
| 650 #0 - ASIENTO SECUNDARIO DE MATERIA--TÉRMINO DE MATERIA |
| 9 (RLIN) |
3095 |
| Nombre de materia o nombre geográfico como elemento de entrada |
Fotografia documental |
| Subdivisión geográfica |
Catalunya |
| Subdivisión general |
Exposicions |
| 700 ## - ENCABEZAMIENTO SECUNDARIO--NOMBRE PERSONAL |
| 9 (RLIN) |
4847 |
| Nombre de persona |
Serrat, Joan Manuel |
| 942 ## - ELEMENTOS KOHA |
| Fuente de clasificación o esquema de ordenación en estanterías |
|
| Koha tipo de item |
Monografies |